LEADER 00816nam0-22003011i-450- 001 990003994370403321 005 20040127112617.0 010 $a88-458-0748-7 035 $a000399437 035 $aFED01000399437 035 $a(Aleph)000399437FED01 035 $a000399437 100 $a20040127d2003----km-y0itay50------ba 101 0 $aita 102 $aIT 200 1 $aCompendio statistico italiano 2002$fIstituto nazionale di statistica 210 $aRoma$cIstat$d2003 215 $a308 p.$d24 cm 610 0 $aStatistiche generali$aItalia$a2002 676 $a310 710 1$aIstat$0493306 801 0$aIT$bUNINA$gRICA$2UNIMARC 901 $aBK 912 $a990003994370403321 952 $aCDI-CSI-02-55$b9686$fMAS 959 $aMAS 996 $aCompendio statistico italiano 2002$9471785 997 $aUNINA